| 000 | 01273nam0a2200301 4500 | ||
|---|---|---|---|
| 001 | RU\NLR\bibl\1327443 | ||
| 005 | 20260406073505.0 | ||
| 010 |
_a978-5-699-32301-2 _95000 |
||
| 021 |
_aRU _b2009-6345 _940д |
||
| 035 | _a(NLR Aleph) 001312713 | ||
| 090 |
_a689721 _c689721 |
||
| 100 | _a20090211d2009 |||y0rusy50 ca | ||
| 101 | 0 | _arus | |
| 102 | _aRU | ||
| 105 | _aa ||||||||| | ||
| 200 | 1 |
_aГотовим на пару _eновая коллекция _e[домашние технологии, точные пропорции, секреты приготовления, лучшие рецепты, проверенные временем _fавт.-сост. И. Родионова] |
|
| 210 |
_aМосква _cЭксмо _d2009 |
||
| 215 |
_a318, [1] с., [4] л. цв. ил. _cил. _d24 |
||
| 225 | 1 | _aЛакомка | |
| 606 | 1 |
_aПищевые продукты _xТепловая обработка _91070172 _3RU\NLR\AUTH\6698172 |
|
| 686 | _aЛ990.2 | ||
| 702 | 1 |
_4220 _8rus _7ca _aРодионова _bИ. А. _cспециалист по кулинарии _gИрина Александровна _3RU\NLR\auth\7732218 _915227 |
|
| 801 | 0 |
_aRU _bNLR _c20090211 _gRCR |
|
| 801 | 1 |
_aRU _bNLR _c20090211 |
|
| 942 | _cBOOK | ||
| 980 | _aNB | ||